Die teuersten Fußballtransfers - Innenverteidiger - Saison 2011-2012 - Statistiken

Allgemein
  • Dieses Quiz wurde 12 mal gespielt
  • Das Durchschnittsergebnis liegt bei 5 aus 11
Antwortstatistiken
Ablöse (M €) Nationalität Abgebender Verein Aufnehmender Verein Spieler % Korrekt
13,50 Deutschland Manchester City Bayern München Jérôme Boateng
100%
11,30 Deutschland Werder Bremen FC Arsenal Per Mertesacker
78%
9,00 Frankreich RC Lens Real Madrid Raphaël Varane
78%
19,30 England Blackburn Manchester United Phil Jones
67%
9,00 Belgien Stand. Lüttich Benfica Axel Witsel
33%
11,00 Uruguay Nacional FC Liverpool Sebastián Coates
33%
13,00 Republik Kongo Blackburn Anzhi Christopher Samba
22%
9,00 Kolumbien Udinese Calcio FC Villarreal Cristián Zapata
22%
12,00 Brasilien FC Santos FC Porto Danilo
22%
12,00 Serbien Partizan Manchester City Stefan Savic
11%
9,00 Uruguay FC Bologna SSC Neapel Miguel Britos
0%
Keine übereinstimmenden Quizze gefunden
Verteilung der Resultate
Anzahl Personen mit jedem Resultat
Perzentil nach korrekt beantworteten Fragen
Ihre Resultats-Entwicklung
Sie haben dieses Quiz noch nicht gespielt